| 000 | 00443nam a22001697a 4500 | ||
|---|---|---|---|
| 999 |
_c524042 _d524042 |
||
| 003 | NUST | ||
| 020 | _c(Hbk) | ||
| 038 | _aShaban | ||
| 082 |
_a891.42 _bCHE |
||
| 100 |
_aCheema, Naseer Ahmad _914868 |
||
| 245 |
_aSwimber / _bNaseer Ahmad Cheema |
||
| 260 |
_aLahore -: _bPakistan punjabi adab board, _c2010. |
||
| 300 | _a219 p.; | ||
| 880 |
_6100-02\r _aنصیر احمد چیمہ |
||
| 880 |
_6245-02\r _aسوئمبر / |
||
| 942 |
_2ddc _cBK |
||